Steamed Hams Script - Statistics

General Stats
  • This quiz has been taken 1,144 times
  • The average score is 224 of 323
Answer Stats
Word % Correct
I
97%
a
96%
A
96%
ham.
94%
steam.
94%
Steam
94%
steam
94%
You
94%
you
94%
The
92%
the
92%
it,
90%
it
90%
it?
90%
steamed
90%
Steamed
90%
we
90%
is
89%
no,
88%
No,
88%
no.
88%
No.
88%
he
87%
in
87%
In
87%
your
87%
hams.
86%
hams?
86%
hams,
86%
an
85%
on
85%
of
83%
Of
83%
Seymour,
83%
Seymour.
83%
SEYMOUR!
83%
Seymour?
83%
Superintendent
83%
superintendent
83%
Superintendent,
83%
Well
82%
Well,
82%
what
81%
What
81%
Chalmers
80%
clams
80%
clams!
80%
clams.
80%
It's
80%
it's
80%
Yes!
80%
Yes,
80%
just
78%
Skinner
78%
to
78%
from
77%
at
76%
At
76%
Aurora
76%
Burger.
76%
fire!
76%
Oh
76%
Oh,
76%
see.
76%
see
76%
That
76%
that
76%
are
75%
for
75%
For
75%
My
75%
my
75%
and
74%
good
74%
GOOD
74%
there
74%
there?!
74%
this
74%
kitchen?
73%
Krusty
73%
Borealis.
72%
Borealis?!
72%
But
72%
time
72%
made
71%
me?
71%
me
71%
despite
70%
house
70%
were
70%
we're
70%
I'm
69%
with
69%
day?
68%
mother,
68%
Albany
67%
having.
67%
having
67%
hope
67%
not
67%
smoke
67%
smoke.
67%
call
66%
New York.
66%
you're
66%
directions.
65%
if
65%
they
65%
was
65%
year?
65%
oven,
64%
said
64%
as
63%
hamburgers.
63%
hamburgers
63%
thought
63%
entirely
62%
lights.
62%
northern
62%
out
62%
part
62%
Upstate
62%
country?
61%
luncheon.
61%
May
61%
say,
61%
Utica
61%
Utica.
61%
be
60%
be-
60%
coming
60%
That's
60%
expression.
59%
grilled.
59%
own
59%
them
59%
Why
59%
window
59%
Ah,
58%
cooking?
58%
devilish,
58%
food
58%
going
58%
happening
58%
heard
58%
never
58%
ready
58%
roast
58%
have
57%
ruined!
57%
unforgettable
57%
Delightfully
56%
isn't
56%
know,
56%
know...
56%
stretching
56%
Localized
55%
must
55%
obviously
55%
one
55%
prepared
55%
region?
55%
within
55%
fast
54%
I've
54%
these
54%
calves
53%
dialect.
53%
fact
53%
his
53%
LORD!
53%
burgers!
52%
disguise
52%
regional
52%
welcome.
52%
Mmm...
51%
odd
51%
family
50%
fellow.
50%
HELP!
50%
HELP!!!
50%
recipe.
50%
ones
49%
purchase
49%
exercise.
48%
sill.
48%
similar
48%
crazy
47%
Old
47%
Care
45%
join
45%
anyone
44%
explanations!
44%
Isometric
44%
need
44%
tonight!
43%
by
42%
medication!
42%
mouth
42%
phrase
42%
should...
42%
should
42%
watering
42%
When
42%
all.
40%
town
40%
had
39%
Patented
39%
quite
39%
use
39%
course.
38%
Excuse
38%
trouble
38%
second.
37%
egads!
36%
thing
36%
pooped.
35%
hears
33%
lame
33%
Really?
33%
exaggerations,
32%
Skinner's
32%
there'll
32%
Yeah.
29%
wonderful.
19%
Uh-huh.
17%
Whew.
10%
No matching quizzes found
Score Distribution
Percent of People with Each Score
Percentile by Number Answered
Your Score History
You have not taken this quiz